00000000nam 2200000za 4500
0019.603872
003CaOODSP
00520220623130825
007cr |||||||||||
008150406|2010||||xxc|||||o    f|0| 0 fre d
040 |aCaOODSP|bfre
043 |an-cn---
0861 |aH117-5/9-2010F-PDF
1101 |aCanada. |bInstitut canadien d'information sur la santé.
24513|aLa dépression chez les personnes âgées dans les établissements de soins en hébergement |h[ressource électronique]
260 |aOttawa - Ontario : |bInstitut canadien d'information sur la santé |cMai 2010.
300 |a18p.|bfigures en couleur, graphiques, références, tableaux
4901 |aAnalyse en bref
590 |a12-20-Supp|b2012-05-09
77508|tDepression among seniors in residential care |w(CaOODSP)9.573898
830#0|aAnalyse en bref (Statistique Canada)|w(CaOODSP)9.503377
85640|uhttps://publications.gc.ca/collections/collection_2012/icis-cihi/H117-5-9-2010-fra.pdf|s1.71 Mo|qPDF